Регионална библиотека "Любен Каравелов" - Русе

Будда и буддизмът (Запис номер 322579)

MARC детайли
000 -Лидер
Контролно поле с фиксирана дължина 00998nam a22002777a 4500
003 - Код на организацията, давaща контролен номер
Контролно поле BLK
005 - Дата и час на последна редакция
Контролно поле 20240313005511.0
008 - Елементи от данни с фиксирана дължина
fixed length control field 180419b bul||||| |||| 00| 0 bul d
040 ## - Източник на каталожния запис
Идентификатор на билиотеката - собственик на записа BLK
041 ## - Код за език
Код за езика на текст/звукозапис или на отделно заглавие Български
Код за езика КДБФ Български
080 ## - УДК
Текстов определител УДК Будизъм. Ламаизъм. Джайнизъм. Подразделя се като 291
УДК код - определител по УДК 294.3
100 1# - Редна дума - Автор
Автор Арнаудов, Михаил Петров
R(LIN) 33558
139 ## - Редно поле
Авторски знак Арн - А 87
245 ## - Сведения за заглавието
Заглавие Будда и буддизмът
Подзаглавни данни Студия
Редно поле (дума) М. Арнаудов
260 ## - Област на издателските данни
Място на издаване, разпространение и проч. София
Година на издаване 1902
300 ## - Физическа характеристика
Страници с. 44-326
Размери/Мащаб 24 см
380 ## - Жанр
Жанр Религия. Теология
490 ## - СЕРИИ (Колекции)
9 (RLIN) 396381
Име на серия Частна колекция - Академик Михаил Арнаудов
Бележки за серията Дарение - Основен фонд
500 ## - Общи забележки
Забележка Отпеч. от сп. Мисъл, г. 12, кн. 1-5. - Мека подв., неразрязана
650 #7 - Допълнително описание по предмет – тема
9 (RLIN) 149253
Основно описание – тема или топоним Будизъм
852 ## - Местоположение
Форматна сигнатура МА 5084
999 ## - СИСТЕМНИ КОНТРОЛНИ НОМЕРА
Koha biblionumber 322579
Koha biblioitemnumber 322579
942 ## - АРТИКУЛИ
Вид на библиотечния материал Книги
Скрит в OPAC Не
Периодичен библиозапис Да
999 ## - СИСТЕМНИ КОНТРОЛНИ НОМЕРА
Koha biblioitemnumber 322579
999 ## - СИСТЕМНИ КОНТРОЛНИ НОМЕРА
Koha biblioitemnumber 322579
999 ## - СИСТЕМНИ КОНТРОЛНИ НОМЕРА
Koha biblioitemnumber 322579
944 ## - СЪЗДАВАНЕ И РЕДАКЦИЯ на ЗАПИСА
Служител, извършил регистрацията/редакцията
Статус, дата на статуса CRON CRON
Наличности
Код за отписване Код за изгубен артикул Източник на класификационната схема Код за повреда Коз за рестрикции Код за отдаване Артикулен № Име на библиотеката - собственик Име на библиотеката, в която се намира в момента Статус (Текущо местоположение) Дата на вписване в системата Местоположение - отдел Цена в лева Систематично азбучна сигнатура Баркод Цена в евро Служебен тип на артикула
  Не е изгубен Universal Decimal Classification Не е повреден само за читалня Специални фондове ( старопечатни, редки и ценни, фонд М. Арнаудов) 688148 Регионална библиотека "Любен Каравелов" Русе Регионална библиотека "Любен Каравелов" Русе Фонд "Михаил Арнаудов" 2019-01-17 Фонд "Михаил Арнаудов" 10.00 МА 5083 120000820299 5.11 Книги
Vip Innovations Ltd, Rousse, Bulgaria 2025